[Event "ENG-ch Seniors 65"]
[Site "Leamington Spa"]
[Date "2023.05.08"]
[Round "7"]
[White "Pollyn, Stephen"]
[Black "Jones, Michael R"]
[Result "1-0"]
[WhiteElo "1791"]
[BlackElo "1477"]
[PlyCount "25"]
[EventDate "2023.05.04"]
[EventType "swiss"]
[EventRounds "7"]
[EventCountry "ENG"]
[SourceTitle "CBM 214 Extra"]
[Source "ChessBase"]
[SourceDate "2023.07.31"]
[SourceVersion "1"]
[SourceVersionDate "2023.07.31"]
[SourceQuality "1"]

1. e4 d6 2. d4 Nf6 3. Nc3 e5 4. dxe5 dxe5 5. Qxd8+ Kxd8 6. Bg5 Be6 7. 0-0-0+ Bd6 8. f4 Ke8 9. Bxf6 gxf6 10. f5 Bc8 11. Nf3 Bc5 12. Nd5 Bb6 13. Nxf6+ 1-0

[Event "ENG-ch Seniors 65"]
[Site "Leamington Spa"]
[Date "2023.05.04"]
[Round "1"]
[White "Bray, David"]
[Black "Jones, Michael R"]
[Result "1-0"]
[WhiteElo "1989"]
[BlackElo "1477"]
[PlyCount "65"]
[EventDate "2023.05.04"]
[EventType "swiss"]
[EventRounds "7"]
[EventCountry "ENG"]
[SourceTitle "CBM 214 Extra"]
[Source "ChessBase"]
[SourceDate "2023.07.31"]
[SourceVersion "1"]
[SourceVersionDate "2023.07.31"]
[SourceQuality "1"]

1. c4 e5 2. Nc3 d6 3. Nf3 Nf6 4. g3 Be7 5. Bg2 0-0 6. d4 Nbd7 7. 0-0 Re8 8. Qc2 Bf8 9. dxe5 dxe5 10. Rd1 Qe7 11. Bg5 h6 12. Nd5 Qc5 13. b4 Qc6 14. Nxe5 Rxe5 15. Nxf6+ Nxf6 16. Bxc6 hxg5 17. Bg2 Bf5 18. Qb2 Rae8 19. e3 c6 20. a3 g4 21. Rd4 c5 22. Rdd1 Be4 23. Rd8 Bf3 24. Rxe8 Rxe8 25. Bxf3 gxf3 26. Rd1 b6 27. b5 Ne4 28. Rd7 g6 29. Qc2 Bg7 30. Qd3 Bf6 31. Qd5 Ng5 32. h4 Ne6 33. Rxa7 1-0

[Event "ENG Chessable-ch Seniors 65+"]
[Site "Kenilworth"]
[Date "2022.05.06"]
[Round "4"]
[White "Jones, Michael R"]
[Black "Rhodes, Lawrence"]
[Result "1/2-1/2"]
[WhiteElo "1501"]
[BlackElo "1620"]
[PlyCount "65"]
[EventDate "2022.05.04"]
[EventType "swiss"]
[EventRounds "7"]
[EventCountry "ENG"]
[SourceTitle "CBM 208 Extra"]
[Source "ChessBase"]
[SourceDate "2022.07.31"]
[SourceVersion "1"]
[SourceVersionDate "2022.07.31"]
[SourceQuality "1"]

1. e4 c5 2. Nf3 d6 3. Bb5+ Nd7 4. d4 cxd4 5. Qxd4 a6 6. Bxd7+ Bxd7 7. 0-0 e5 8. Qd3 Be7 9. Nc3 Nf6 10. Bg5 Be6 11. Bxf6 Bxf6 12. Rad1 Be7 13. Rfe1 0-0 14. Nd5 Bxd5 15. exd5 Rc8 16. c4 Bf6 17. Nd2 g6 18. b3 Bg7 19. g3 f5 20. Qe2 Qf6 21. Nf3 g5 22. Kg2 g4 23. Ng1 h5 24. f4 gxf3+ 25. Nxf3 f4 26. Rf1 Qg6 27. Rde1 Bf6 28. Qe4 Qg4 29. Rg1 h4 30. h3 Qg7 31. g4 Rc7 32. Kh2 Bg5 33. a4 1/2-1/2